| 000 | 01040cam a22002771i 4500 | ||
|---|---|---|---|
| 003 | SA-RiAUC | ||
| 005 | 20241011170807.0 | ||
| 008 | 241006s1980 su g 000 f ara c | ||
| 040 |
_aSA-MuMU _bara _cSA-RiAUC _erda |
||
| 041 | 1 |
_aara _hund |
|
| 082 | 0 | 4 |
_a813 _qSA-RiAUC |
| 090 |
_a813 _bد ق س |
||
| 100 | 1 |
_aالدقس، إسحاق _eمؤلف. |
|
| 245 | 1 | 0 |
_aعهد الصبا في البادية / _cتأليف إسحاق الدقس ؛ ترجمة عزيز ضياء. |
| 264 | 1 |
_aجدة، السعودية : _bتهامة، _c1980 |
|
| 300 | _a172 صفحة. | ||
| 336 |
_aنص _btxt _2rdacontent _3كتاب |
||
| 337 |
_aبدون وسيط _bn _2rdamedia |
||
| 338 |
_aمجلد _bnc _2rdacarrier |
||
| 490 | 1 |
_aالكتاب العربي السعودي ؛ _v3 |
|
| 650 | 7 |
_aالقصص العربية _zالأردن _yقرن 20 _2aucsh |
|
| 700 | 1 |
_aضياء، عزيز، _d1332-1417 هجري _eمترجم. |
|
| 830 | 2 |
_aالكتاب العربي السعودي _v3 |
|
| 942 |
_2ddc _cBOOK _n0 |
||
| 949 |
_aSA-JeALM _d241006 _umohamedma123 _n1 |
||
| 999 |
_c1206 _d1206 |
||